00831cam a22002531 4500001001300000003000400013005001700017008004100034010001700075035001900092040004200111042001200153050002400165082001100189100003200200245004900232260002600281300008500307410006300392504002800455650004300483740003400526999001700560gs 48000088 DLC20260227111354.0770812s1948 caua 000 0 eng c ags 48000088  a(OCoLC)3183003 aU.S. Geol. Survey. LibrarycTxEUdDLC apremarc00aTN24.C2bA3 no. 140 a557.941 aHuey, Arthur Sidney,d1909.10aGeology of the Tesla quadrangle, California. aSan Francisco,c1948. a75 p.billus., plates (1 fold. in pocket) maps (part fold., 2 in pocket)c23 cm.10aCalifornia.bDivision of Mines and Geology.tBulletinv140 aBibliography: p. 70-72. 0aGeologyzCaliforniazTesla quadrangle.02aTesla quadrangle, California. c28268d28268